[Event "Mitropa Cup 18th"]
[Site "Portoroz"]
[Date "1998.??.??"]
[Round "2"]
[White "Lehner, Oliver"]
[Black "Stohl, Igor"]
[Result "0-1"]
[WhiteElo "2415"]
[BlackElo "2540"]
[PlyCount "69"]
[EventDate "1998.07.??"]
[EventType "team-tourn"]
[EventRounds "9"]
[EventCountry "SLO"]
[Source "ChessBase"]
[SourceDate "1998.11.10"]

1. d4 Nf6 2. c4 e6 3. Nf3 b6 4. g3 Ba6 5. b3 b5 6. Bg2 bxc4 7. Ne5 Bb4+ 8. Bd2
cxb3 9. Qxb3 Bxd2+ 10. Nxd2 c6 11. O-O O-O 12. Rfc1 Bxe2 13. Qb7 Na6 14. Re1
Rb8 15. Qxa7 Ra8 16. Qb7 Rb8 17. Qa7 Ra8 18. Qb7 Bh5 19. Ndc4 Qb8 20. Reb1 Be2
21. Rb2 Bxc4 22. Nxc4 Qa7 23. Qxa7 Rxa7 24. Ne5 Nc7 25. Bf1 Rfa8 26. Rab1 Kf8
27. g4 Ke7 28. Rb7 Ne4 29. Bg2 Nc3 30. R1b4 f6 31. Nd3 Na6 32. Rb2 Ne2+ 33. Kf1
Nxd4 34. f4 Nc7 35. a4 {..39} 0-1

[Event "Mitropa Cup 18th"]
[Site "Portoroz"]
[Date "1998.??.??"]
[Round "2"]
[White "Medvegy, Nora"]
[Black "Soln, Primoz"]
[Result "1-0"]
[WhiteElo "2325"]
[BlackElo "2470"]
[PlyCount "45"]
[EventDate "1998.07.??"]
[EventType "team-tourn"]
[EventRounds "9"]
[EventCountry "SLO"]
[Source "ChessBase"]
[SourceDate "1998.11.10"]

1. e4 c5 2. Nf3 e6 3. d4 cxd4 4. Nxd4 Nf6 5. Nc3 d6 6. Be3 a6 7. g4 h6 8. f4
Nc6 9. Be2 Qc7 10. g5 hxg5 11. fxg5 Nd7 12. g6 Nf6 13. gxf7+ Qxf7 14. Qd2 Ne5
15. Nf3 Neg4 16. Bb6 Nd7 17. Bd4 Nde5 18. Nxe5 Nxe5 19. Bxe5 dxe5 20. Rf1 Qg6
21. O-O-O Qh6 22. Bh5+ g6 23. Bxg6+ 1-0

[Event "Mitropa Cup 18th"]
[Site "Portoroz"]
[Date "1998.??.??"]
[Round "2"]
[White "Mohr, Georg"]
[Black "Lakos, Nikoletta"]
[Result "1-0"]
[WhiteElo "2470"]
[BlackElo "2385"]
[PlyCount "93"]
[EventDate "1998.07.??"]
[EventType "team-tourn"]
[EventRounds "9"]
[EventCountry "SLO"]
[Source "ChessBase"]
[SourceDate "1998.11.10"]

1. Nf3 Nf6 2. g3 g6 3. Bg2 Bg7 4. O-O O-O 5. d3 d6 6. e4 c6 7. a4 a5 8. Nbd2 e5
9. Nc4 Qc7 10. Bd2 Re8 11. Qe1 b6 12. b4 axb4 13. Bxb4 c5 14. Bc3 Bd7 15. Qb1
Ra6 16. Qb3 Bc6 17. Nfd2 Nbd7 18. f4 Rea8 19. fxe5 dxe5 20. Qb2 Ne8 21. Bh3 f6
22. Rfb1 Rb8 23. Ne3 Nd6 24. Be6+ Kh8 25. Nd5 Qd8 26. Qb3 b5 27. axb5 Rxa1 28.
Rxa1 Rxb5 29. Qa2 Nf8 30. Bh3 f5 31. Nc4 Bxd5 32. exd5 Nxc4 33. Qxc4 Qb8 34.
Bf1 Rb7 35. Qxc5 Nd7 36. Qa3 Nb6 37. Bg2 Rc7 38. d6 Rxc3 39. Qxc3 e4 40. Qa3
Bxa1 41. Qxa1+ Kg8 42. Qd4 Nd7 43. dxe4 Qb1+ 44. Bf1 fxe4 45. Qc4+ Kg7 46. Qc7
Qb6+ 47. Kg2 1-0

[Event "Mitropa Cup 18th"]
[Site "Portoroz"]
[Date "1998.??.??"]
[Round "2"]
[White "Plachetka, Jan"]
[Black "Baumegger, Siegfried"]
[Result "1/2-1/2"]
[WhiteElo "2400"]
[BlackElo "2360"]
[PlyCount "50"]
[EventDate "1998.07.??"]
[EventType "team-tourn"]
[EventRounds "9"]
[EventCountry "SLO"]
[Source "ChessBase"]
[SourceDate "1998.11.10"]

1. e4 c5 2. Nf3 Nc6 3. Bb5 g6 4. O-O Bg7 5. c3 Nf6 6. Re1 O-O 7. d4 d5 8. exd5
Qxd5 9. dxc5 Qxc5 10. Na3 Rd8 11. Qe2 Nd5 12. h3 a6 13. Bc4 b5 14. Bb3 Bb7 15.
Nc2 Qd6 16. Ng5 Na5 17. Qf3 Qf6 18. Qxf6 exf6 19. Ne4 Rac8 20. Nd4 f5 21. Ng5
Bxd4 22. cxd4 Nxb3 23. axb3 Rc2 24. Nf3 Kg7 25. Rd1 Nc7 1/2-1/2

[Event "Mitropa Cup 18th"]
[Site "Portoroz"]
[Date "1998.??.??"]
[Round "2"]
[White "Touzane, Olivier"]
[Black "Zelcic, Robert"]
[Result "1/2-1/2"]
[WhiteElo "2350"]
[BlackElo "2585"]
[PlyCount "76"]
[EventDate "1998.07.??"]
[EventType "team-tourn"]
[EventRounds "9"]
[EventCountry "SLO"]
[Source "ChessBase"]
[SourceDate "1998.11.10"]

1. d4 Nf6 2. c4 e6 3. Nc3 Bb4 4. Qc2 O-O 5. a3 Bxc3+ 6. Qxc3 Ne4 7. Qc2 f5 8.
Nf3 b6 9. g3 Bb7 10. Bg2 Nf6 11. O-O Be4 12. Qc3 Qe8 13. b4 d6 14. Bb2 Nbd7 15.
d5 e5 16. Ng5 Bxg2 17. Kxg2 Ne4 18. Nxe4 fxe4 19. f3 Qg6 20. Rac1 a5 21. Qb3
axb4 22. axb4 Rf5 23. Ra1 Raf8 24. Qe3 Rf4 25. Rac1 exf3+ 26. exf3 b5 27. cxb5
Rxb4 28. Ba3 Rxb5 29. Rxc7 Nf6 30. Rc6 Nxd5 31. Qd2 Nf4+ 32. Kh1 Rd5 33. Qc1
Nh5 34. Qc4 Qe6 35. Bxd6 Nxg3+ 36. hxg3 Qh3+ 37. Kg1 Qxg3+ 38. Kh1 Qh3+ 1/2-1/2

[Event "Mitropa Cup 18th"]
[Site "Portoroz"]
[Date "1998.??.??"]
[Round "2"]
[White "Tratar, Marko"]
[Black "Grabics, Monika"]
[Result "1-0"]
[WhiteElo "2450"]
[BlackElo "2355"]
[PlyCount "117"]
[EventDate "1998.07.??"]
[EventType "team-tourn"]
[EventRounds "9"]
[EventCountry "SLO"]
[Source "ChessBase"]
[SourceDate "1998.11.10"]

1. Nf3 Nf6 2. c4 g6 3. Nc3 Bg7 4. e4 d6 5. d4 O-O 6. Be2 e5 7. O-O Nc6 8. d5
Ne7 9. b4 Nh5 10. Re1 f5 11. Ng5 Nf6 12. Bf3 c6 13. Be3 cxd5 14. cxd5 f4 15.
Bd2 h6 16. Ne6 Bxe6 17. dxe6 Nc6 18. Nd5 Re8 19. Bc3 a6 20. Qb3 Kh8 21. a4 Nh7
22. b5 Ne7 23. b6 Rc8 24. Nc7 Rf8 25. Rad1 Nc6 26. Bb4 Nd4 27. Rxd4 exd4 28. e5
Bxe5 29. Rxe5 dxe5 30. e7 Qd7 31. exf8=Q+ Nxf8 32. Qd5 Qxd5 33. Bxd5 Rb8 34. a5
Nd7 35. Be7 Kg7 36. Kf1 Nf6 37. Ne6+ Kf7 38. Bxf6 Kxf6 39. Nc5 Rc8 40. Ne4+ Ke7
41. Bxb7 Rc1+ 42. Ke2 Ra1 43. Bc6 Rxa5 44. b7 Ra2+ 45. Kd3 Rb2 46. Nc5 Kd6 47.
Nxa6 Kxc6 48. b8=Q Rxb8 49. Nxb8+ Kd5 50. f3 g5 51. Nd7 Ke6 52. Nc5+ Kf5 53.
Kc4 h5 54. Kd5 g4 55. Nd3 h4 56. Nxe5 d3 57. fxg4+ Kg5 58. Nxd3 Kxg4 59. Ke4
1-0

[Event "Mitropa Cup 18th"]
[Site "Portoroz"]
[Date "1998.??.??"]
[Round "2"]
[White "Weiss, Christian"]
[Black "Petran, Peter"]
[Result "1-0"]
[WhiteElo "2370"]
[BlackElo "2420"]
[PlyCount "63"]
[EventDate "1998.07.??"]
[EventType "team-tourn"]
[EventRounds "9"]
[EventCountry "SLO"]
[Source "ChessBase"]
[SourceDate "1998.11.10"]

1. d4 g6 2. c4 Bg7 3. Nc3 c5 4. d5 f5 5. h4 Nf6 6. h5 Nxh5 7. e4 fxe4 8. Nxe4
O-O 9. Qc2 d6 10. Nh3 Bf5 11. Nhg5 Nf6 12. Bd3 Na6 13. Nxf6+ Rxf6 14. Bxf5 Rxf5
15. Nxh7 Qd7 16. f4 e6 17. g4 Nb4 18. Qd1 exd5 19. a3 dxc4 20. axb4 Qc6 21. Kf2
Rd5 22. Qf3 cxb4 23. Ng5 Re8 24. Re1 Qc5+ 25. Be3 Rxe3 26. Rxe3 Bxb2 27. Qe4
Rxg5 28. Qe8+ Kg7 29. Rh1 Be5 30. Qe7+ Kg8 31. Qxg5 Bd4 32. Qd8+ 1-0

[Event "Mitropa Cup 18th"]
[Site "Portoroz"]
[Date "1998.??.??"]
[Round "2"]
[White "Wilhelmi, Christian"]
[Black "Zueger, Beat"]
[Result "1/2-1/2"]
[WhiteElo "2470"]
[BlackElo "2425"]
[PlyCount "28"]
[EventDate "1998.07.??"]
[EventType "team-tourn"]
[EventRounds "9"]
[EventCountry "SLO"]
[Source "ChessBase"]
[SourceDate "1998.11.10"]

1. d4 Nf6 2. Nf3 g6 3. Nc3 d5 4. Bf4 c6 5. e3 Bg4 6. Be2 e6 7. Ne5 Bxe2 8. Qxe2
Nbd7 9. Qf3 Bg7 10. h4 Nxe5 11. Bxe5 h5 12. O-O-O O-O 13. Qf4 Ng4 14. Bxg7 Kxg7
1/2-1/2

[Event "Mitropa Cup 18th"]
[Site "Portoroz"]
[Date "1998.??.??"]
[Round "3"]
[White "Baumegger, Siegfried"]
[Black "Madl, Ildiko"]
[Result "1/2-1/2"]
[WhiteElo "2360"]
[BlackElo "2410"]
[PlyCount "42"]
[EventDate "1998.07.??"]
[EventType "team-tourn"]
[EventRounds "9"]
[EventCountry "SLO"]
[Source "ChessBase"]
[SourceDate "1998.11.10"]

1. c4 c5 2. Nf3 Nf6 3. Nc3 g6 4. d4 Bg7 5. e4 O-O 6. Be2 d6 7. O-O Nc6 8. d5
Na5 9. h3 e5 10. a3 b6 11. b4 Nb7 12. Bg5 h6 13. Bxf6 Qxf6 14. Rb1 Bd7 15. Nb5
Qe7 16. Nd2 h5 17. Nb3 Rfc8 18. bxc5 Nxc5 19. Nxc5 Rxc5 20. a4 Bh6 21. Bd3 Kg7
1/2-1/2

[Event "Mitropa Cup 18th"]
[Site "Portoroz"]
[Date "1998.??.??"]
[Round "3"]
[White "Ellers, Holger"]
[Black "Franzen, Jozef"]
[Result "0-1"]
[WhiteElo "2425"]
[BlackElo "2320"]
[PlyCount "76"]
[EventDate "1998.07.??"]
[EventType "team-tourn"]
[EventRounds "9"]
[EventCountry "SLO"]
[Source "ChessBase"]
[SourceDate "1998.11.10"]

1. d4 Nf6 2. Nf3 d5 3. c4 e6 4. Bg5 Be7 5. Nc3 O-O 6. e3 Nbd7 7. Qc2 c5 8. Rd1
Qa5 9. cxd5 exd5 10. Bd3 Re8 11. O-O c4 12. Bf5 g6 13. Bh3 Nf8 14. Bxc8 Raxc8
15. Bxf6 Bxf6 16. e4 dxe4 17. Nxe4 Qf5 18. Nxf6+ Qxf6 19. d5 Red8 20. Rd4 b5
21. Qd2 Nd7 22. Re1 Re8 23. Rd1 a6 24. d6 Rc6 25. Rf4 c3 26. bxc3 Qxc3 27. Qd5
Re6 28. g3 Rcxd6 29. Qxd6 Rxd6 30. Rxd6 Nc5 31. Kg2 Ne6 32. Re4 Qc2 33. Re3
Qxa2 34. Ne5 b4 35. Rb6 a5 36. Rb8+ Kg7 37. Rf3 Qd5 38. Nxf7 Nd4 0-1

[Event "Mitropa Cup 18th"]
[Site "Portoroz"]
[Date "1998.??.??"]
[Round "3"]
[White "Grabics, Monika"]
[Black "Weiss, Christian"]
[Result "0-1"]
[WhiteElo "2355"]
[BlackElo "2370"]
[PlyCount "80"]
[EventDate "1998.07.??"]
[EventType "team-tourn"]
[EventRounds "9"]
[EventCountry "SLO"]
[Source "ChessBase"]
[SourceDate "1998.11.10"]

1. e4 d6 2. d4 Nf6 3. Nc3 g6 4. Be3 c6 5. Qd2 b5 6. f3 Nbd7 7. g4 Nb6 8. g5 Nh5
9. b3 d5 10. Bg2 e6 11. Nge2 Bb4 12. a3 Be7 13. a4 a6 14. Ng3 Nxg3 15. hxg3 Bb4
16. O-O bxa4 17. bxa4 Nc4 18. Qd3 Nb2 19. Qe2 Bxc3 20. Ra3 Ba5 21. exd5 cxd5
22. Bf4 Nc4 23. Be5 Nxe5 24. Qxe5 O-O 25. f4 Bc7 26. Qe1 Bd6 27. Raf3 Bd7 28.
g4 f6 29. f5 exf5 30. Rh3 fxg5 31. Bxd5+ Kg7 32. Bxa8 Qxa8 33. gxf5 Bxf5 34.
Re3 Qd5 35. Qa1 h5 36. c4 Qxc4 37. d5+ Kh6 38. Ref3 Qg4+ 39. Kf2 Bc5+ 40. Ke1
Qe4+ 0-1

[Event "Mitropa Cup 18th"]
[Site "Portoroz"]
[Date "1998.??.??"]
[Round "3"]
[White "Konopka, Michal"]
[Black "Benitah, Yohan"]
[Result "1-0"]
[WhiteElo "2465"]
[BlackElo "2340"]
[PlyCount "77"]
[EventDate "1998.07.??"]
[EventType "team-tourn"]
[EventRounds "9"]
[EventCountry "SLO"]
[Source "ChessBase"]
[SourceDate "1998.11.10"]

1. Nf3 Nf6 2. c4 c5 3. Nc3 Nc6 4. g3 g6 5. Bg2 Bg7 6. O-O O-O 7. d4 cxd4 8.
Nxd4 Nxd4 9. Qxd4 d6 10. Qd3 a6 11. h3 Nd7 12. Qc2 Nc5 13. Rb1 a5 14. b3 Be6
15. Rd1 Qc8 16. Kh2 Qd7 17. Nd5 Rab8 18. Bg5 Rfe8 19. Qd2 Bf5 20. Rbc1 a4 21.
b4 Ne4 22. Bxe4 Bxe4 23. Qe3 Bxd5 24. Rxd5 f6 25. Bh6 Bxh6 26. Qxh6 Qe6 27. Qd2
Rec8 28. Rc3 Qf7 29. c5 dxc5 30. bxc5 Rc6 31. Rd7 Re6 32. Re3 Kf8 33. a3 g5 34.
Rc7 Kg8 35. Rd3 Re5 36. e3 Kf8 37. Qc2 Qg6 38. Qc4 Qf5 39. Rd2 1-0

[Event "Mitropa Cup 18th"]
[Site "Portoroz"]
[Date "1998.??.??"]
[Round "3"]
[White "Lakos, Nikoletta"]
[Black "Lehner, Oliver"]
[Result "1/2-1/2"]
[WhiteElo "2385"]
[BlackElo "2415"]
[PlyCount "116"]
[EventDate "1998.07.??"]
[EventType "team-tourn"]
[EventRounds "9"]
[EventCountry "SLO"]
[Source "ChessBase"]
[SourceDate "1998.11.10"]

1. e4 c5 2. Nf3 Nc6 3. d4 cxd4 4. Nxd4 Nf6 5. Nc3 e5 6. Ndb5 d6 7. Bg5 a6 8.
Na3 b5 9. Bxf6 gxf6 10. Nd5 f5 11. c3 Bg7 12. exf5 Bxf5 13. Nc2 Be6 14. g3 O-O
15. Bg2 a5 16. O-O f5 17. Qh5 Rb8 18. Nce3 Qd7 19. g4 e4 20. gxf5 Bxd5 21. Nxd5
Rxf5 22. Qg4 Qf7 23. Qxe4 Re8 24. Nf6+ Rxf6 25. Qxc6 Kh8 26. Qxb5 Rf5 27. Qc6
Be5 28. Rae1 Rg8 29. Re3 Qh5 30. Rg3 Bxg3 31. hxg3 Rf6 32. Qd5 Rg5 33. Qa8+ Kg7
34. Qa7+ Qf7 35. Qxf7+ Kxf7 36. Rd1 Re5 37. Bd5+ Ke7 38. Rd2 Rff5 39. c4 Re1+
40. Kg2 Rfe5 41. Kf3 h5 42. b3 Kd8 43. Rb2 Kc7 44. a4 Ra1 45. b4 Rxa4 46. bxa5
Rxa5 47. Rb7+ Kc8 48. Rf7 Ra2 49. Kg2 Rc2 50. Kh3 Ree2 51. Kh4 Rxf2 52. Rxf2
Rxf2 53. Kxh5 Kd7 54. g4 Ke7 55. g5 Kf8 56. Kg6 Rf4 57. Kh6 Rh4+ 58. Kg6 Rf4
1/2-1/2

[Event "Mitropa Cup 18th"]
[Site "Portoroz"]
[Date "1998.??.??"]
[Round "3"]
[White "Leski, Marc"]
[Black "Polak, Tomas"]
[Result "1/2-1/2"]
[WhiteElo "2415"]
[BlackElo "2525"]
[PlyCount "54"]
[EventDate "1998.07.??"]
[EventType "team-tourn"]
[EventRounds "9"]
[EventCountry "SLO"]
[Source "ChessBase"]
[SourceDate "1998.11.10"]

1. Nf3 d5 2. d4 Nf6 3. c4 e6 4. g3 dxc4 5. Bg2 a6 6. O-O Nc6 7. Nc3 Rb8 8. e4
Be7 9. d5 exd5 10. exd5 Nb4 11. Ne5 Bf5 12. a3 Nd3 13. Nxc4 Nxc1 14. Rxc1 O-O
15. Qd4 Ne8 16. Rfd1 Bg5 17. Ne3 Nd6 18. h4 Bf6 19. Qf4 Bd7 20. Ng4 Bxg4 21.
Qxg4 Re8 22. Rc2 Be5 23. Na4 b6 24. Nc3 f5 25. Qg5 Qd7 26. Ne2 Ne4 27. Qc1 Re7
1/2-1/2

[Event "Mitropa Cup 18th"]
[Site "Portoroz"]
[Date "1998.??.??"]
[Round "3"]
[White "Luther, Thomas"]
[Black "Plachetka, Jan"]
[Result "1/2-1/2"]
[WhiteElo "2560"]
[BlackElo "2400"]
[PlyCount "84"]
[EventDate "1998.07.??"]
[EventType "team-tourn"]
[EventRounds "9"]
[EventCountry "SLO"]
[Source "ChessBase"]
[SourceDate "1998.11.10"]

1. e4 e5 2. Nf3 Nc6 3. Bb5 Nf6 4. O-O Nxe4 5. Qe2 Nd6 6. Bxc6 dxc6 7. Qxe5+ Qe7
8. Qa5 Be6 9. d3 Qd7 10. Nd4 Be7 11. Nxe6 Qxe6 12. Re1 Qd7 13. Bg5 f6 14. Bf4
O-O 15. Nd2 Rfe8 16. h3 Nb5 17. Nb3 Bd6 18. Rxe8+ Rxe8 19. Bxd6 Qxd6 20. Re1
Rxe1+ 21. Qxe1 Kf7 22. Qe4 Qe5 23. Qxe5 fxe5 24. c4 Nd6 25. c5 Nf5 26. Na5 Ke6
27. Nxb7 Kd5 28. Kf1 Nd4 29. Ke1 Ne6 30. g3 Nxc5 31. Nxc5 Kxc5 32. Kd2 Kd4 33.
h4 h5 34. f3 c5 35. b3 g6 36. g4 a6 37. a3 a5 38. a4 c6 39. g5 Kd5 40. Ke3 Kd6
41. Kd2 Ke6 42. Ke2 Kd6 1/2-1/2

[Event "Mitropa Cup 18th"]
[Site "Portoroz"]
[Date "1998.??.??"]
[Round "3"]
[White "Olivier, Jean Christophe"]
[Black "Babula, Vlastimil"]
[Result "0-1"]
[WhiteElo "2360"]
[BlackElo "2575"]
[PlyCount "80"]
[EventDate "1998.07.??"]
[EventType "team-tourn"]
[EventRounds "9"]
[EventCountry "SLO"]
[Source "ChessBase"]
[SourceDate "1998.11.10"]

1. e4 c5 2. Nf3 Nc6 3. d4 cxd4 4. Nxd4 e5 5. Nb5 d6 6. N1c3 a6 7. Na3 b5 8. Nd5
Nf6 9. Nxf6+ Qxf6 10. Bd3 g6 11. h4 Bg7 12. c3 O-O 13. Nc2 Qd8 14. h5 d5 15.
hxg6 hxg6 16. Bh6 Bxh6 17. Rxh6 Qg5 18. Qd2 Qxd2+ 19. Kxd2 Be6 20. exd5 Bxd5
21. Ne3 Be6 22. a3 Na5 23. Rah1 Rfd8 24. Rh8+ Kg7 25. R1h7+ Kf6 26. Rxd8 Rxd8
27. Ke2 Nc4 28. Bxc4 bxc4 29. Rh4 Kg7 30. Re4 f6 31. f4 Rb8 32. fxe5 Rxb2+ 33.
Kf3 Rb3 34. exf6+ Kxf6 35. Ng4+ Ke7 36. Re3 Rxa3 37. Ne5 Kf6 38. Ke4 Ra5 39.
Rf3+ Bf5+ 40. Kd4 Rxe5 0-1

[Event "Mitropa Cup 18th"]
[Site "Portoroz"]
[Date "1998.??.??"]
[Round "3"]
[White "Pelletier, Yannick"]
[Black "Lalic, Bogdan"]
[Result "0-1"]
[WhiteElo "2525"]
[BlackElo "2560"]
[PlyCount "88"]
[EventDate "1998.07.??"]
[EventType "team-tourn"]
[EventRounds "9"]
[EventCountry "SLO"]
[Source "ChessBase"]
[SourceDate "1998.11.10"]

1. d4 Nf6 2. c4 e6 3. Nf3 Bb4+ 4. Bd2 Qe7 5. g3 Nc6 6. Bg2 Bxd2+ 7. Nbxd2 d6 8.
O-O a5 9. e4 e5 10. d5 Nb8 11. Ne1 h5 12. Nef3 O-O 13. Qe2 Nh7 14. Ne1 h4 15.
f4 g6 16. Nd3 hxg3 17. hxg3 Na6 18. Qe3 Nb4 19. Nxb4 axb4 20. Qb3 c5 21. dxc6
bxc6 22. Qxb4 Nf6 23. Bf3 Bh3 24. Rf2 Kg7 25. Qc3 c5 26. a3 Rh8 27. Rh2 Rh6 28.
Re1 Rah8 29. Ree2 Kg8 30. Qe3 exf4 31. gxf4 Rh4 32. Kh1 Nd7 33. e5 g5 34. exd6
Qxd6 35. Bd5 Rxf4 36. Ref2 Nf6 37. Rxf4 gxf4 38. Qg1+ Kf8 39. Ne4 Nxe4 40. Bxe4
Rg8 41. Qb1 Rg3 42. Bd5 Re3 43. Rf2 Qe5 44. Kh2 Bf5 0-1

[Event "Mitropa Cup 18th"]
[Site "Portoroz"]
[Date "1998.??.??"]
[Round "3"]
[White "Petran, Peter"]
[Black "Wilhelmi, Christian"]
[Result "1-0"]
[WhiteElo "2420"]
[BlackElo "2470"]
[PlyCount "75"]
[EventDate "1998.07.??"]
[EventType "team-tourn"]
[EventRounds "9"]
[EventCountry "SLO"]
[Source "ChessBase"]
[SourceDate "1998.11.10"]

1. g3 e5 2. Bg2 d5 3. c4 d4 4. d3 g6 5. Nf3 Bg7 6. O-O Ne7 7. b4 O-O 8. Nbd2 h6
9. Nb3 g5 10. Rb1 Ng6 11. e3 dxe3 12. fxe3 Nc6 13. b5 Nce7 14. e4 a6 15. a4
axb5 16. axb5 Qd6 17. Ne1 Be6 18. Be3 b6 19. c5 bxc5 20. Nxc5 Bc8 21. Qb3 Rb8
22. Qc4 Nc6 23. Nf3 Nd4 24. Bxd4 exd4 25. Na6 Rb7 26. Rfc1 g4 27. e5 Qb6 28.
Ne1 Nxe5 29. Qc2 h5 30. Bxb7 Bxb7 31. Qxc7 Qa7 32. Nc5 Qa2 33. Qxb7 Bh6 34. Qg2
Qa3 35. Rc2 Re8 36. Ne4 Kg7 37. Qf1 Re6 38. b6 1-0

[Event "Mitropa Cup 18th"]
[Site "Portoroz"]
[Date "1998.??.??"]
[Round "3"]
[White "Rogic, Davor"]
[Black "Ballmann, Martin"]
[Result "1/2-1/2"]
[WhiteElo "2450"]
[BlackElo "2375"]
[PlyCount "123"]
[EventDate "1998.07.??"]
[EventType "team-tourn"]
[EventRounds "9"]
[EventCountry "SLO"]
[Source "ChessBase"]
[SourceDate "1998.11.10"]

1. e4 c5 2. Nf3 d6 3. d4 cxd4 4. Nxd4 Nf6 5. Nc3 g6 6. Be3 Bg7 7. f3 Nc6 8. Qd2
O-O 9. Bc4 Bd7 10. h4 Ne5 11. Bb3 Rc8 12. O-O-O Nc4 13. Bxc4 Rxc4 14. h5 Nxh5
15. g4 Nf6 16. Kb1 Qa5 17. Nb3 Qe5 18. Bf4 Qe6 19. Qh2 Rxc3 20. bxc3 h5 21.
gxh5 Nxh5 22. Be3 Qf6 23. Qg2 Rc8 24. Bd4 e5 25. Be3 Rxc3 26. Qd2 Rc6 27. Rhf1
b6 28. Nc1 Qe6 29. Ne2 Qc4 30. Qd3 Be6 31. Qxc4 Bxc4 32. Rf2 Kf8 33. Bc1 Ke7
34. Ba3 Bh6 35. Nc3 Nf6 36. Bc1 Bxc1 37. Kxc1 b5 38. a3 a5 39. Kb2 Rb6 40. Rfd2
b4 41. axb4 axb4 42. Ne2 Nd7 43. Ra1 Rb7 44. Nc1 Nc5 45. Rf2 Ne6 46. c3 bxc3+
47. Kxc3 Rc7 48. Kd2 Nd4 49. Ra3 Rb7 50. Ke3 g5 51. Rc3 Be6 52. Ne2 Rb2 53. Ng3
Rb1 54. Rf1 Rb7 55. Ne2 Nxe2 56. Kxe2 g4 57. fxg4 Bxg4+ 58. Ke3 Be6 59. Rfc1
Kf6 60. Rc6 Rd7 61. Rc7 Rd8 62. Rf1+ 1/2-1/2